Obálka Náhled e-knihy:
PDF Epub
Pro půjčování e-knih musíte být přihlášeni.
Jak si půjčit online?

Příběhy ze zoo. Opička neposeda /

Další vyprávění o prvňačce Bětce, která se chce stát ředitelkou zoo. Tentokrát musí zachránit malou opičku.

Uloženo v:
Série:Příběhy ze zoo, část 0
Hlavní autor: Hudáčková Barochová, Věra (Autor)
Další autoři: Francová, Sylva, 1973- (Autor)
Médium: E-kniha
Jazyk:Czech
Vydáno: V Praze : Fragment, 2022
Vydání:1. vydání
Témata:
Příbuzné jednotky:Z cyklu:: Příběhy ze zoo
Tagy:
Žádné tagy
LEADER 02422nam a2200469 i 4500
001 311718
003 CZ PrSKC
005 20260601215710.0
007 ta
008 221109s2022 xr a b 000 j cze
015 |a cnb003471382 
020 |a 9788025361023  |q (vázáno) :  |c Kč 269,00 
035 |a (OCoLC)1357140344 
040 |a ABG001  |b cze  |e rda 
072 7 |a 821.162.3-3  |x Česká próza  |2 Konspekt 
072 7 |a 821-93  |x Literatura pro děti a mládež (beletrie)  |2 Konspekt 
080 |a 821.162.3-32  |2 MRF 
080 |a 821-93  |2 MRF 
080 |a (0:82-32)  |2 MRF 
100 1 |a Hudáčková Barochová, Věra  |7 pna2011636753  |4 aut 
245 1 0 |a Příběhy ze zoo.  |p Opička neposeda /  |c Věra Hudáčková Barochová ; ilustrovala Sylva Francová 
246 3 0 |a Opička neposeda 
250 |a 1. vydání 
264 1 |a V Praze :  |b Fragment,  |c 2022 
300 |a 86 stran :  |b barevné ilustrace ;  |c 21 cm 
336 |a text  |b txt  |2 rdacontent 
337 |a bez média  |b n  |2 rdamedia 
338 |a svazek  |b nc  |2 rdacarrier 
520 2 |a Další vyprávění o prvňačce Bětce, která se chce stát ředitelkou zoo. Tentokrát musí zachránit malou opičku.  |b Bětka má ráda všechna zvířata, ale v zoo si nejvíc legrace užije s Fančou, malou orangutaní slečnou. Když jednoho dne rozdováděná opička vyvede další z nekonečné řady malérů a dostane snad po sté vyhubováno, rozhodne se utéct k cirkusu. Celá zoologická zahrada je rázem na nohou, ale po Fanče jako by se slehla zem. Nakladatelská anotace. Kráceno. 
521 8 |a Pro čtenáře od 6 let 
655 7 |a české příběhy  |7 fd133973  |2 czenas 
655 7 |a publikace pro děti  |7 fd133156  |2 czenas 
655 9 |a Czech stories  |2 eczenas 
655 9 |a children's literature  |2 eczenas 
700 1 |a Francová, Sylva,  |d 1973-  |7 xx0022360  |4 ill 
787 0 8 |i Z cyklu:  |t Příběhy ze zoo  |g 0 
900 |a ABA001  |b 19 
928 9 |a Albatros Media - Fragment 
044 |a xr 
910 |a RBIT002 
998 |d 362418  |a https://core.palmknihy.cz/api/books/362418/cover?si5xkm  |b https://core.palmknihy.cz/api/books/362418/cover/400?si5xkm  |c https://core.palmknihy.cz/api/books/362418/cover/50?si5xkm  |e 2032-12-31  |g 96  |i 9788025361023  |j https://core.palmknihy.cz/api/books/362418/preview.epub  |k https://core.palmknihy.cz/api/books/362418/preview.pdf  |l   |q 49  |r 1  |s https://www.palmknihy.cz/kniha/362418  |t ebook  |y 2022  |z 0  |v Příběhy ze zoo  |w 3 
999 |d 311716